Escolma / (Record no. 142959)
[ view plain ]
| 000 -LEADER | |
|---|---|
| campo de control de longitud fija | 00674nam a2200217 i 4500 |
| 001 - NÚMERO DE CONTROL | |
| campo de control | 142959 |
| 003 - IDENTIFICADOR DE NÚMERO DE CONTROL | |
| campo de control | ES-MaACL |
| 005 - FECHA Y HORA DE LA ÚLTIMA TRANSACCIÓN | |
| campo de control | 20230906200655.0 |
| 007 - CAMPO FIJO DE DESCRIPCIÓN FÍSICA--INFORMACIÓN GENERAL | |
| campo de control de longitud fija | t| |
| 008 - DATOS DE LONGITUD FIJA--INFORMACIÓN GENERAL | |
| campo de control de longitud fija | 071011s1982 sp ||||1| gao d |
| 080 ## - NÚMERO DE LA CLASIFICACIÓN DECIMAL UNIVERSAL | |
| Número de la Clasificación Decimal Universal | 821.134.4-84"19" |
| 100 1# - ENTRADA PRINCIPAL--NOMBRE DE PERSONA | |
| Nombre de persona | Vidales Tomé, Ignacio. |
| 9 (RLIN) | 114532 |
| 245 10 - MENCIÓN DEL TÍTULO | |
| Título | Escolma / |
| Mención de responsabilidad, etc. | Ignacio Vidales Tomé ; edición Clodio González Pérez. |
| 260 ## - PUBLICACIÓN, DISTRIBUCIÓN, ETC. | |
| Lugar de publicación, distribución, etc. | [Sada (A Coruña) : |
| Nombre del editor, distribuidor, etc. | Edic. do Castro, |
| Fecha de publicación, distribución, etc. | 1982] |
| 300 ## - DESCRIPCIÓN FÍSICA | |
| Extensión | 126 p. ; |
| Dimensiones | 18 cm. |
| 490 1# - MENCIÓN DE SERIE | |
| Mención de serie | Os nosos humoristas ; |
| Designación de volumen o secuencia | 2 |
| 700 1# - ENTRADA AGREGADA--NOMBRE PERSONAL | |
| Nombre de persona | González Pérez, Clodio. |
| 9 (RLIN) | 58869 |
| 830 0# - PUNTO DE ACCESO ADICIONAL DE SERIE-TÍTULO UNIFORME | |
| Título uniforme | Os nosos humoristas ; |
| Designación de volumen o secuencia | 2 |
| 9 (RLIN) | 187263 |
| 852 ## - LOCALIZACIÓN | |
| Ubicación | ES-MaACL |
| Número de control de estantería | L-2999 |
| Sublocalización o colección | R.103556 |
| Estatus retirado | Estado de pérdida | Estado de daño | No para préstamo | Biblioteca de origen | Biblioteca actual | Ubicación en estantería | Fecha de adquisición | Fuente de adquisición | Total de préstamos | Signatura topográfica completa | Código de barras | Visto por última vez | Precio de reemplazo | Tipo de ítem Koha |
|---|---|---|---|---|---|---|---|---|---|---|---|---|---|---|
| Biblioteca del Ateneo de Madrid | Biblioteca del Ateneo de Madrid | Depósito 2 | 17/01/2008 | L-2999 | 1148742 | 23/02/2023 | 23/02/2023 | Libro impreso |
